| 000 | 01694nac a22003495a 4500 | ||
|---|---|---|---|
| 999 |
_c24073 _d24045 |
||
| 003 | EG-ScBUE | ||
| 005 | 20200316093557.0 | ||
| 008 | 170206r20082006enk f b 001 0 eng d | ||
| 020 | _a9780745635941 (pbk.) | ||
| 020 | _a9780745635934 | ||
| 040 |
_aEG-ScBUE _beng _erda _cEG-ScBUE _dEG-ScBUE |
||
| 043 | _ama----- | ||
| 082 | 0 | 4 |
_a320.956 _bMIL _222 |
| 100 | 1 |
_aMilton-Edwards, Beverley, _eauthor. _915969 |
|
| 245 | 1 | 0 |
_aContemporary politics in the Middle East / _cBeverley Milton-Edwards. |
| 250 |
_aSecond edition, _bFully revised and expanded. |
||
| 250 | _aReprinted edition. | ||
| 264 | 1 |
_aCambridge, UK ; _aMalden, MA : _bPolity Press, _c2008. |
|
| 300 |
_axiii, 311 pages ; _c22 cm |
||
| 336 |
_2rdacontent _atext _btxt |
||
| 337 |
_2rdamedia _aunmediated _bn |
||
| 338 |
_2rdacarrier _avolume _bnc |
||
| 504 | _aIncludes bibliographical references and index. | ||
| 520 | _a"The second edition of this book has been fully revised and updated to provide a comprehensive introduction to contemporary politics in the Middle East. Purposefully employing a clear thematic structure and including a wide range of case studies, the book explores and analyses the major issues which define the politics of this region of the globe. This is a perfect introduction for undergraduates, covering key political, economic and social debates and providing updates and guidance for further reading."--Jacket. | ||
| 650 | _2BUEsh | ||
| 651 | 7 |
_aMiddle East _xPolitics and government _y20th century. _2BUEsh |
|
| 651 | 7 |
_aMiddle East _xPolitics and government _y21st century. _2BUEsh |
|
| 653 |
_bBUSBOL _cAugust2018 |
||
| 655 |
_vReading book _934232 |
||
| 942 |
_2ddc _cBB |
||